Statistics for 90 secs World Capitals: by Capital City within 3,000 km

Click here to take the quiz!

General Stats

  • This quiz has been taken 1,905 times
  • The average score is 175 of 196

Answer Stats

Capital City % Correct
Monaco
100%
Minsk
100%
Luxembourg
100%
Moscow
100%
Nicosia
100%
Vilnius
100%
Oslo
100%
Warsaw
100%
Vatican City
100%
Ljubljana
100%
Chisinau
100%
Budapest
100%
Bucharest
100%
Copenhagen
100%
Dublin
100%
Kiev
100%
Helsinki
100%
Paris
100%
Podgorica
100%
Tirana
100%
Tallinn
100%
Vienna
100%
Tripoli
100%
Tunis
100%
Valletta
100%
Vaduz
100%
Stockholm
100%
Sofia
100%
Riga
100%
Pristina
100%
Prague
100%
Rome
100%
San Marino
100%
Skopje
100%
Sarajevo
100%
Brussels
100%
London
100%
Ankara
100%
Andorra la Vella
100%
Belgrade
100%
Berlin
100%
Athens
100%
Bern
100%
Amsterdam
100%
Zagreb
100%
Bratislava
100%
Algiers
100%
Jerusalem
99%
Rabat
99%
Ashgabat
99%
Beirut
99%
Lisbon
99%
Madrid
99%
Baku
99%
Cairo
99%
Tbilisi
99%
Baghdad
99%
Damascus
99%
Amman
99%
Yerevan
99%
Tashkent
98%
Tehran
98%
Dushanbe
98%
Reykjavik
97%
Bishkek
97%
Port-au-Prince
97%
Nassau
97%
Havana
97%
Abu Dhabi
96%
Khartoum
96%
Tegucigalpa
96%
Manila
96%
Muscat
96%
Kuwait City
96%
Astana
96%
Belmopan
96%
Manama
96%
Kingston
96%
Doha
96%
Riyadh
95%
Guatemala City
95%
Addis Ababa
95%
Asmara
95%
Sana'a
95%
Nay Pyi Taw
94%
Vientiane
94%
Taipei
94%
Basseterre
94%
N'Djamena
94%
Santo Domingo
94%
Kigali
93%
Thimphu
93%
Saint John's
93%
Bujumbura
93%
Djibouti
93%
Kampala
93%
Juba
93%
Pyongyang
92%
Beijing
92%
Nairobi
92%
Seoul
92%
New Delhi
92%
Washington
92%
Kabul
92%
Islamabad
92%
Dodoma
92%
Kinshasa
92%
Brazzaville
92%
Panama
91%
Lusaka
91%
Managua
91%
San Jose
91%
Lilongwe
91%
Luanda
91%
Hanoi
91%
Sucre
91%
Harare
90%
Georgetown
90%
Tokyo
90%
Gaborone
89%
Pretoria
89%
Ottawa
89%
Mbabane
89%
Asuncion
89%
Kathmandu
89%
Bangkok
89%
Moroni
88%
San Salvador
87%
Quito
87%
Niamey
87%
Port-Vila
87%
Bangui
87%
Dhaka
87%
Bogota
87%
Buenos Aires
86%
Caracas
86%
Windhoek
86%
Ouagadougou
86%
Montevideo
86%
Paramaribo
86%
Ulaanbaatar
85%
Antananarivo
85%
Yaounde
85%
Maputo
85%
Wellington
84%
Mogadishu
84%
Colombo
83%
Nouakchott
82%
Phnom Penh
82%
Abuja
82%
Singapore
82%
Kuala Lumpur
82%
Bandar Seri Begawan
82%
Canberra
82%
Mexico City
81%
Maseru
81%
Brasilia
81%
Saint George's
81%
Port Moresby
81%
Kingstown
80%
Castries
80%
Bamako
80%
Porto-Novo
80%
Libreville
80%
Accra
80%
Roseau
80%
Port-of-Spain
80%
Bridgetown
80%
Lome
80%
Sao Tome
80%
Yamoussoukro
80%
Malabo
79%
Lima
79%
Jakarta
78%
Banjul
76%
Dakar
75%
Freetown
72%
Santiago
72%
Conakry
72%
Bissau
72%
Praia
71%
Victoria
70%
Male
70%
Monrovia
70%
Dili
70%
Suva
63%
Nuku'alofa
62%
Yaren
54%
Funafuti
51%
Melekeok
51%
Tarawa
51%
Majuro
50%
Honiara
49%
Apia
49%
Palikir
41%
Port Louis
41%

Score Distribution

Percentile by Number Answered

Percent of People with Each Score

Your Score History

You have not taken this quiz